| 000 | 00552nam a22001697a 4500 | ||
|---|---|---|---|
| 999 |
_c14545 _d14545 |
||
| 008 | 191007b ||||| |||| 00| 0 eng d | ||
| 020 | _a9789350303412 | ||
| 082 |
_22018 _aDC 511.319 _bM687 |
||
| 100 |
_aMishra, Savita _940217 |
||
| 245 |
_aMathematical logic/ _cSavita Mishra |
||
| 260 |
_aJaipur : _bOxford Book Company, _c2018. |
||
| 300 |
_aviii, 280 pages : _billustrations ; _c24 cm |
||
| 500 | _aIncludes bibliographical references and index. | ||
| 650 |
_aLogic, Symbolic and mathematical _940218 |
||
| 365 |
_b4,995.00 _cPhp |
||
| 942 |
_2ddc _cDC |
||